000 00423nam a2200205Ia 4500
001 12033
003 GE_BSU
008 181216s||||||||xx |||||||||||||| ||und||
020 _a9780752814476
040 _cGE_BSU
080 _a821.111-32
100 _aBinchy,Maeve
245 _aTara road
260 _aLondon
260 _bTed smart
260 _c1998.
300 _a488p;24cm.
653 _aTara road
942 _cBK
999 _c45210
_d45210